Tumbling World Champions Women - Statistics

General Stats
  • This quiz has been taken 9 times
    3 since last reset
  • The average score is 6 of 31
Answer Stats
Year World Champion % Correct
2011 CHN Jia Fangfang
67%
2013 CHN Jia Fangfang
67%
2015 CHN Jia Fangfang
67%
2017 CHN Jia Fangfang
67%
2018 CHN Jia Fangfang
67%
2021 GBR Megan Kealy
67%
2023 FRA Candy Briere-Vetillard
33%
1990 FRA Chrystel Robert
33%
1992 FRA Chrystel Robert
33%
1994 FRA Chrystel Robert
33%
1996 FRA Chrystel Robert
33%
1965 USA Judy Wills
33%
1966 USA Judy Wills
33%
2005 RUS Anna Korobeynikova
0%
2007 RUS Anna Korobeynikova
0%
2009 RUS Anna Korobeynikova
0%
2010 RUS Anna Korobeynikova
0%
2022 GBR Comfort Yeates
0%
1998 RUS Elena Blouzhina
0%
1999 RUS Elena Blouzhina
0%
1982 USA Jill Hollembeak
0%
1984 USA Jill Hollembeak
0%
1986 USA Jill Hollembeak
0%
1988 USA Megan Cunningham
0%
1978 USA Nancy Quattrochi
0%
2001 UKR Olena Chabanenko
0%
2003 UKR Olena Chabanenko
0%
2014 GBR Rachel Letsche
0%
1976 USA Tracey Long
0%
1980 USA Tracy Conour
0%
2019 RUS Victoria Danilenko
0%
No matching quizzes found
Score Distribution
Percent of People with Each Score
Percentile by Number Answered
Your Score History
You have not taken this quiz since the last reset